chansons de stromae- mort subite - Statistiques

Statistiques générales
  • Ce quiz a été pris 859 fois
  • Le résultat moyen est 6 sur 17
Answers on the Grid
Answers color-coded by a green-red scale on the quiz's grid according to % correct below.
ave cesaria
riz
alors on danse
bâtard
riez
rien à perdre
sans retour
l'enfer
papaoutai
ma meilleure ennemie
j'aime
mon amour
carmen
échos
ne regarde pas
quand c'est ?
mais toi
santé
déclaration
fils de joie
un coup de foudre
demain
pourquoi pas
tous les mêmes
formidable
c'est lui
bâtard
pas tant
merci
te quiero
 
Statistiques - réponses
Réponse % Correct
alors on danse
87%
ave cesaria
61%
papaoutai
61%
carmen
55%
formidable
55%
tous les mêmes
51%
l'enfer
39%
ma meilleure ennemie
35%
fils de joie
30%
santé
30%
bâtard
28%
te quiero
20%
riez
17%
quand c'est ?
14%
merci
12%
mon amour
12%
déclaration
6%
Aucun quiz correspondant
Distribution des résultats
% des personnes avec chaque résultat
Percentile par nombre de réponses
Votre historique - résultats
Vous n’avez pas pris ce quiz